000 01541cam a22004694i 4500
003 PE-LiUPU
005 20250731173220.0
008 150625s1984 nyu r 000 0 eng d
035 _a(Sirsi) a33606
040 _aPE-LiUPU
_bspa
_cPE-LiUPU
_erda
049 _aPRUA
082 0 4 _a220.05
_bUBSTG
_221
100 1 _aBratcher, Robert G.,
_eautor.
245 1 2 _aA translator's Guide To The Revelation To John /
_cRobert G. Bratcher.
264 1 _aNew York :
_bUnited Bible,
_c1984.
300 _a2004 páginas ;
_c24 centímetros
336 _atext
_2rdacontent
337 _aunmediated
_2rdamedia
338 _avolume
_2rdacarrier
490 0 _aUnited Bible Societies. Translator's Guide
504 _aIncluye bibliografía.
505 0 _aRevelation -- Chapters.
526 _aSEG42
526 _aSEG41
526 _aSEG40
526 _aSEG39
526 _aP94
526 _aP87
526 _aP86
526 _aP85
526 _aP77
526 _aP76
526 _aP35
630 0 4 _aBiblia.
_pN.T.
_pApocalipsis
_xTraducción.
910 _cjvm
_d20100225
942 _2ddc
_cBOOK
949 _a220.05 UBSTG 66
_wDEWEY
_c1
_i38635
_lCCODEBUL1
_mBUL
_p00.00
_r0
_sY
_tBOOK
_u2015-06-25
_xTEOLOGIA
_PP35
_0COMPRA
_o.STAFF. Colección General
994 _aC0
_bPEPRU
596 _a1
999 _a220.05 UBSTG 66
_wDEWEY
_c41372
_i38635
_d41372
_f2021-11-9
_g5
_lCCODEBUL1
_mBUL
_p81.13
_q1
_r0
_sY
_tBOOK
_u2015-6-25
_xTEOLOGIA
_PP35
_0COMPRA
_o.STAFF. Colección Teología
980 _81
_gALBERTO SANCHEZ Responsable de Automatización